Trouvez le joueur saison 24/25 - extrême - Statistiques

Statistiques générales
  • Ce quiz a été pris 52 fois
  • Le résultat moyen est 5 sur 15
Statistiques - réponses
Club Pays Numéro Nom % Correct
AEK Athènes France 26 Anthony Martial
52%
FC Séville France 22 Loïc Badé
52%
AS Saint-Étienne Maroc 5 Yunis Abdelhamid
46%
Fulham Belgique 21 Timothy Castagne
40%
CSKA Moscou Bosnie 15 Miralem Pjanić
38%
Bournemouth Hongrie 3 Milos Kerkez
36%
Everton Portugal 14 Beto
30%
Hatayspor Cameroun 9 Vincent Aboubakar
30%
Sporting Portugal Danemark 42 Morten Hjulmand
28%
Leganés Côte d’Ivoire 18 Sébastien Haller
28%
Eintracht Francfort Allemagne 27 Mario Götze
24%
Villarreal France 15 Thierno Barry
18%
Fenerbahçe Ghana 6 Alexander Djiku
16%
Lecce France 12 Frédéric Guilbert
12%
Fiorentina Italie 23 Andrea Colpani
6%
Aucun quiz correspondant
Distribution des résultats
% des personnes avec chaque résultat
Percentile par nombre de réponses
Votre historique - résultats
Vous n’avez pas pris ce quiz